000 00507nam a22001697a 4500
003 BD-DhUL
005 20191210122959.0
008 191210snd. pk ||||| |||| 00| 0 urd d
040 _aBD-DhUL
_cBD-DhUL
082 _a001
_bALA
100 3 _aزاہد حسین انجمن
245 1 0 _aعالمی معلومات 1983-84 : اڈیشن /
_cزاہد حسین انجمن
260 _aلاهور :
_bفیروز سنز،
_c۔
300 _aص۔ ۶۴۲ ؛
_c۱۸ سم۔
650 4 _aKnowledge
942 _2ddc
_cBK
999 _c251200
_d251200